| 000 | 00490cam a2200193 4500 | ||
|---|---|---|---|
| 005 | 20260322212054.0 | ||
| 008 | data | ||
| 010 | _a67-17915 | ||
| 040 |
_aDNLM _cDNLM |
||
| 041 | 0 | 9 | _aeng |
| 060 | 0 | 0 |
_aWA 320 _bK12ca 1967 |
| 100 | 1 | _aKadushin, Alfred. | |
| 245 | 1 | 0 |
_aChild welfare services/ _cAlfred Kadushin. |
| 260 |
_aNew York, _bMacmillan _c[1970, c1967] |
||
| 300 |
_axi, 625 p. _billus. |
||
| 650 | 2 |
_aChild Welfare _zUnited States |
|
| 650 | 2 |
_aSocial Work _zUnited States |
|
| 001 | data | ||
| 999 |
_c1299 _d1299 |
||